LEADER 01253nam a2200241 i 4500 001 000000061472 003 CaOOAMICUS 005 20130212000000.0 008 130212s1906 it u000 u ita u 013 $a32644 040 $aSeMil$bita 100 1 $aNegri, Gaetano,$d<1838-1902>.$0(OLS)http://semarc/name/11431 240 13$aIl momento religioso, I "Ricordi" di Marco Eurelio, e le "Confessioni" di sant'Agostino. Una figura storica nel Cristianesimo nascente (San Paolo), Il momento filosofico.$0(OLS)http://semarc/title/96586 245 10$aMeditazioni vagabonde :$bsaggi critici. Precede uno studio sul Pensiero Filosofico di Gaetano Negri /$cdi Guido Della Valle. 250 $aSeconda edizione, postuma. 300 $aXXXIII, 415 p. 500 $aContiene : Appendici. 700 1 $aScherillo, Michele,$d<1860-1930>.$0(OLS)http://semarc/name/13559 700 1 $aDella Valle, Guido.$0(OLS)http://semarc/name/31235 773 0 $tOpere di Gaetano Negri.$dMilano : Ulrico Hoepli, 1905.$g2$w()25734 850 $aSeMil 852 $aSeMil$W1$xVenegono$y1$m2L I 2$j27625$B27625$CSeMilBibl$Z2$F27628 $81 996 $6245$aMeditazioni vagabonde :$bsaggi critici. Precede uno studio sul Pensiero Filosofico di Gaetano Negri$9(OLS)http://semarc/title/96585 LEADER 01321nam a2200313 i 4500 001 000000020077 003 CaOOAMICUS 005 20260120105413.0 008 180830s1980 it u000 u lat u 040 $aSeMil$bita 110 2 $aChiesa Cattolica.$0(OLS)http://semarc/name/987 240 00$aLiturgia horarum.$0(OLS)http://semarc/title/457760 245 10$a[Liturgia horarum ambrosiana :$beditio latina]. 264 1$a[S.l. :$bs.n.],$c1980. 300 $a7 v. ;$c22 cm 500 $aRiproduzione fotostatica di cartelle dattiloscritte raccolte e rilegate in 7 volumi. 650 4$aLibri liturgici - Liturgia delle Ore - Rito ambrosiano.$0(OLS)http://semarc/subject/59246 774 0 $tOrdinarium Liturgiae Horarum.$w()174680 774 0 $tProprium de tempore "Per Annum".$w()174681 774 0 $tTempus Adventus et Nativitatis.$w()174682 774 0 $tProprium de tempore.$w()174683 774 0 $tProprium de tempore paschali.$w()174684 774 0 $tSollemnitates tempore "Per Annum" occurrentes.$w()174685 774 0 $tCommune Sanctorum.$w()174686 910 2 $aSanta Sede. 996 $6245$a[Liturgia horarum ambrosiana :$beditio latina]$9(OLS)http://semarc/title/26436 996 $6264$a[S.l. :$bs.n.]$9(OLS)http://semarc/publisher/29751